[Event "Enghien les Bains 4th"]
[Site "Enghien les Bains"]
[Date "2001.04.18"]
[Round "7"]
[White "Bologan, Viktor"]
[Black "Bareev, Evgeny"]
[Result "1-0"]
[WhiteElo "2676"]
[BlackElo "2709"]
[Annotator "Finkel,A"]
[PlyCount "117"]
[EventDate "2001.04.11"]
[EventType "tourn"]
[EventRounds "9"]
[EventCountry "FRA"]
[EventCategory "17"]
[SourceTitle "CBM 083"]
[Source "ChessBase"]
[SourceDate "2001.07.05"]
[SourceVersion "1"]
[SourceVersionDate "2001.07.05"]
[SourceQuality "1"]

1. e4 {Hecht.} e6 2. d4 d5 3. Nc3 Nf6 4. Bg5 dxe4 5. Nxe4 Be7 6. Bxf6 Bxf6 7.
Nf3 Nd7 8. Qe2 $5 {This move is definitly very good attempt to fight for the
advantage in this variation.} (8. Bc4 O-O 9. Qe2 a6 10. O-O-O b5 11. Bb3 Bb7
12. d5 e5 13. Rhe1 Be7 14. d6 cxd6 15. Nxd6 Bxd6 16. Rxd6 $14 {Kindermann,
S-Roth,P/Vienna Bawag 1996}) 8... O-O 9. O-O-O b6 $6 {After the move in the
game white gets comforable advantage.} (9... c5 $5) 10. Ne5 $1 $14 Bxe5 (10...
Bb7 $6 11. Nxd7 Qxd7 12. Nxf6+ gxf6 13. h4 $14) (10... Nxe5 $2 11. dxe5 (11.
Nxf6+ Qxf6 12. dxe5 Qg5+ 13. Kb1 Bb7 $11) 11... Bg5+ 12. Kb1 Qe7 13. Qg4 $1 Bh6
14. Nf6+ $1 Kh8 15. Qe4 gxf6 16. Bd3 $1 f5 17. Qxa8 $18) 11. dxe5 Qe7 12. f4
Bb7 13. Qe3 Rad8 (13... Rfd8 $5 14. Bd3 Nf8 15. h4 $14 {[%cal Gh4h6]}) 14. Bd3
Bxe4 15. Bxe4 Nc5 (15... Qc5 16. Qh3 (16. Qxc5 $6 Nxc5 17. Bc6 a5 18. g3 f6 19.
exf6 gxf6 20. Rhe1 Kf7 $14) 16... g6 17. Qf3 $14) 16. Bc6 a5 $6 (16... Rxd1+
17. Rxd1 Rd8 18. Re1 (18. Rxd8+ Qxd8 19. b4 Na6 $14) 18... a5 19. g4 $14) 17.
Rde1 $1 f5 $5 18. g3 h6 19. b3 Na6 20. c3 Qa3+ (20... Nb8 $6 21. Bf3 Qa3+ 22.
Kb1 a4 23. b4 c5 24. b5 $1 {[%csl Ra3,Rb8]} Rd7 25. Rd1 Rfd8 26. Rxd7 Rxd7 27.
g4 $16) 21. Kb1 Nc5 22. Qc1 Qxc1+ 23. Rxc1 g5 $2 (23... Rd2 $1 24. Rc2 (24.
Rcd1 Rf2 25. h4 Ne4 26. Bxe4 fxe4 $11) (24. b4 Ne4) 24... Rfd8 25. Kc1 R2d3 26.
Rg1 (26. Re1 Kf7) 26... Ne4 $13) 24. Kc2 $14 Kf7 25. Rcd1 gxf4 (25... Rg8 26.
Rhg1 (26. Rxd8 Rxd8 27. Rd1 $2 Rxd1 28. Kxd1 gxf4 29. gxf4 Nd3 $17 {[%csl Rf4]}
) (26. Rd4 $6 gxf4 27. gxf4 Rxd4 28. cxd4 Ne4 $11) 26... gxf4 27. Rxd8 $1 Rxd8
28. gxf4 $14) 26. gxf4 Ne4 27. Rhg1 Nf2 28. Rd4 $1 Rxd4 29. cxd4 Rd8 {Hecht: '
[#] Springer im Abseits.'} (29... Nh3 $2 {[%csl Rh3]} 30. Rf1 Rg8 31. Kd3 Rg4
32. Ke3 Ke7 33. Rf3 Ng1 34. Rg3 $18) 30. Kc3 {[%cal Gc3c4,Gd4d5]} Ne4+ (30...
Ng4 $1 {[%csl Rh2][%cal Gg4e3,Ge3d5] Hecht} 31. d5 exd5 32. Kd4 Nxh2 33. Bxd5+
Kf8 34. Rg8+ Ke7 35. Rg7+ Kf8 36. Rf7+ Ke8 37. Rxc7 Nf3+ 38. Ke3 Nxe5 39. fxe5
Rxd5 40. Kf4 Rd2 $11) 31. Kd3 Nc5+ 32. Ke3 Na6 (32... Nd7 {Hecht} 33. h4 Nb8
34. Bf3 Rg8 35. Rxg8 (35. Rc1 {Hecht} c6 (35... Rc8 {Hecht} 36. Bb7 $18) (35...
Rg3 {Hecht} 36. Kf2 Rh3 37. Kg2 Rxh4 38. Kg3 $18) 36. Bxc6 Nxc6 37. Rxc6 Rg3+
38. Ke2 Rg4 39. Kf3 Rxh4 40. Rxb6 $16) 35... Kxg8 36. d5 Kf7 37. d6) 33. a3 $1
Rg8 34. Rc1 $1 $18 {[%csl Rc7]} (34. Rxg8 Kxg8 35. Bb7 Nb8 36. d5 $16) 34...
Nb8 35. Bf3 (35. d5 {Hecht} Rd8 36. Bb5 $1 {[%csl Ga6,Rb8,Gc6,Gd7]} Rxd5 (36...
Rc8 {Hecht} 37. dxe6+ Kxe6 38. Rg1 $18) 37. Rxc7+ Kf8 38. a4 $18 (38. Rc8+ {
Hecht} Ke7 39. Bc4 Rd8 40. Rxd8 Kxd8 41. Bxe6 $18)) 35... c6 $8 36. Bxc6 Nxc6 (
36... Rc8 37. d5 Kf8 (37... Ke7 {Hecht} 38. Rc4 Nxc6 39. Rxc6 Rxc6 40. dxc6 Kd8
41. b4 axb4 42. axb4 Kc7 43. b5 h5 44. Kf3 h4 45. Kg2 $18) 38. Rc4 $18) 37.
Rxc6 {Hecht: 'Nach dem Abtausch der Leichtfiguren behält Weiß ein gewonnenes
Turmendspiel (Mehrbauer, schwarze Bauernschwächen, Raum)'} Rg1 38. Rxb6 Re1+
39. Kd3 Rf1 40. Rb7+ Kf8 41. Kc4 $1 {[%csl Re6]} Rxf4 42. Kc5 Re4 43. Kd6 Rxd4+
44. Kxe6 f4 45. Rf7+ Ke8 (45... Kg8 46. Ke7 Rd3 47. Rxf4 Rxb3 48. Rg4+ Kh7 49.
Rg3 $18) 46. Rh7 Kd8 47. Rxh6 f3 48. Rf6 Rd3 49. Kf7 {[%cal Ge5e7]} Rxb3 50. e6
Rb7+ 51. Kg8 {Reminding black that white has another pawn!} Re7 52. h4 f2 53.
Rxf2 Rxe6 54. h5 Ke7 55. Rf7+ Kd6 56. Kg7 Re3 57. Rf6+ Kc5 58. h6 Rxa3 59. h7
1-0

[Event "EU-ch 2nd"]
[Site "Ohrid"]
[Date "2001.06.07"]
[Round "7"]
[White "Tischbierek, Raj"]
[Black "Izoria, Zviad"]
[Result "1-0"]
[WhiteElo "2527"]
[BlackElo "2489"]
[Annotator "Finkel,A"]
[PlyCount "47"]
[EventDate "2001.06.01"]
[EventType "swiss"]
[EventRounds "13"]
[EventCountry "YUG"]
[SourceTitle "CBM 084"]
[Source "ChessBase"]
[SourceDate "2001.09.13"]
[SourceVersion "1"]
[SourceVersionDate "2001.09.13"]
[SourceQuality "1"]

1. e4 e6 2. d4 d5 3. Nc3 Nf6 4. Bg5 dxe4 5. Nxe4 Be7 6. Bxf6 Bxf6 7. Nf3 O-O 8.
Bc4 Nc6 (8... Nd7 9. Qe2 (9. O-O c5 10. c3 cxd4 11. Nxf6+ Nxf6 12. Nxd4 Qc7 13.
Bb3 Bd7 {1/2-1/2 Short,N-Kortschnoj,V/EUCup f 1988}) 9... Be7 $5 $146 (9... Nb6
10. Bb3 Bd7 11. O-O Bc6 12. Nxf6+ gxf6 $6 13. Rad1 Kh8 14. c4 $14 {
Spassky-Czerniak/Goteborg/1971}) (9... c6 10. O-O b6 11. Rad1 Qc7 12. Nxf6+
Nxf6 13. Qe5 Qe7 14. c3 Bb7 15. Rfe1 $14 {Fischer-Pachman/Leipzig ol/1960}) 10.
O-O c5 $1 11. d5 $6 exd5 12. Bxd5 Nb6 $15 {Smirin,I-Lputian,S/Wijk op 1993}) 9.
c3 (9. Nxf6+ Qxf6 10. O-O e5 11. Nxe5 Nxe5 12. dxe5 Qxe5 13. c3 {1/2-1/2
Balashov,Y-Dreev,A/RUS-ch 1995}) 9... e5 10. d5 Ne7 (10... Nb8 11. Qe2 (11. d6
$5 Bf5 12. Qd5 Nd7 13. Qxb7 Bxe4 14. Qxe4 Nc5 15. Qd5 cxd6 16. O-O $14 {
Groszpeter,A-Dizdar,G/AUT-chT qual 1997}) (11. O-O Bg4 12. h3 Bxf3 13. Qxf3 Be7
14. Bb5 a6 15. Ba4 Nd7 16. Rad1 Bd6 17. b4 Nf6 $11 {Ivanchuk,V-Ehlvest,J/
Reggio Emilia 1989/EXT 97}) 11... Bf5 12. Bd3 $5 (12. Ng3 Bg4 $5 13. h3 Bxf3
14. Qxf3 Nd7 15. Ne4 (15. O-O-O $5 Be7 16. Nf5 Bd6 17. g4 $14) 15... Be7 16.
O-O-O $14) (12. O-O Nd7 13. Rad1 Bxe4 14. Qxe4 Nc5 15. Qe3 Qd6 16. Rfe1 $14 {
Hernandez,G-Shirov,A/Merida 2000}) (12. O-O-O Nd7 13. Ng3 Bg6 14. Bd3 $1 (14.
h4 e4 15. Nxe4 Re8 16. Nxf6+ Qxf6 17. Qd2 Nb6 $44 {Bologan,V-Gurevich,M/
Festival comtois 4th 1999}) 14... Bxd3 15. Qxd3 Nc5 16. Qe3 b6 17. h4 Re8 {
[%cal Ge5e4]} 18. Ne4 $1 Nxe4 19. Qxe4 $14 {[%cal Gg2g5,Gh4h5] Leko,
P-Khalifman,A/Khalifman-Leko Match 2000}) 12... Bxe4 13. Bxe4 Nd7 14. O-O-O Be7
15. g4 $14 {Short,N-Gurevich,M/Shenyang 2000/CBM 79}) (10... Na5 $5 11. Bd3 b6
12. h4 g6 13. h5 Bg4 14. Qa4 Bg7 15. hxg6 hxg6 $13 {Baklan,V-Goloshchapov,A/
Ordzhonikidze zt 1.9 2000}) 11. Nxf6+ gxf6 12. Qd2 (12. Nh4 Ng6 13. Qh5 Kh8 (
13... Qd7 14. h3 Nxh4 15. Qxh4 Qf5 16. O-O-O Bd7 17. f4 Qxf4+ 18. Qxf4 exf4 19.
Rhf1 $14 {Short,N-Gurevich,M/England 2000/CBM 75}) 14. O-O-O f5 15. Nf3 Nf4 16.
Qh6 Qd6 17. Qxd6 cxd6 18. g3 $14 {Bologan,V-Kacheishvili,G/Ohrid 2001/CBM 84})
12... Qd6 (12... Kh8 13. O-O-O Bg4 14. Be2 Qd6 15. Nh4 Rg8 16. g3 Rad8 17. Bxg4
Rxg4 18. Qe2 $14 {Anand,V-Shirov,A/Sydney 2000/CBM 78}) 13. O-O-O Bg4 $6 (13...
Qc5 14. Bb3 Bg4 15. Qh6 Ng6 16. Rd2 $14) 14. Qe3 Kh8 15. h3 Bd7 (15... Nf5 16.
Qe4 Bxf3 17. Qxf3 (17. Qxf5 Bxg2 18. Rhg1 Rg8 19. Bd3 e4 20. Bxe4 Bxe4 21. Qxe4
$14) 17... Nh4 18. Qe4 Ng6 19. h4 $16 {[%csl Rf6][%cal Gh1h3,Gh3f3]}) 16. g4 $5
{[%cal Gf3d2,Gd2e4,Gc4b3,Gb3c2,Ge3h6] It turns out that now it's not so easy
to find satisfactory plan for black, while white has perfectly clear
intentions to play aginst black king and weak pawn on f6.} Ng6 (16... Rg8) 17.
Bb3 Rae8 {Hoping to transfer f5} 18. Bc2 $16 {Depriving black his only hope
for counterplay.} Rg8 19. Nd2 {Reminding black that he has weak pawn on f6.}
Qxd5 {This move is losing by force, but it's hard to recommend something better
} (19... Qb6 20. Ne4 (20. Qh6 $5) 20... Kg7 (20... Qxe3+ 21. fxe3 Kg7 22. Rhf1
$18) 21. d6 $1 Rc8 22. Ng3 Nf4 23. Qe4 Rh8 24. dxc7 Rxc7 25. Nh5+ Nxh5 26. gxh5
$16 {[%cal Gh1g1,Gh5h6]}) 20. Bb3 Qa5 21. Ne4 $1 (21. Bxf7 $18) 21... Be6 22.
Nxf6 Bxb3 23. Qh6 $1 Nf8 24. Nxe8 1-0

[Event "EU-ch 2nd"]
[Site "Ohrid"]
[Date "2001.06.05"]
[Round "5"]
[White "Bologan, Viktor"]
[Black "Kacheishvili, Giorgi"]
[Result "1/2-1/2"]
[WhiteElo "2676"]
[BlackElo "2570"]
[Annotator "Finkel,A"]
[PlyCount "183"]
[EventDate "2001.06.01"]
[EventType "swiss"]
[EventRounds "13"]
[EventCountry "YUG"]
[SourceTitle "CBM 084"]
[Source "ChessBase"]
[SourceDate "2001.09.13"]
[SourceVersion "1"]
[SourceVersionDate "2001.09.13"]
[SourceQuality "1"]

1. e4 {Bologan} e6 2. d4 d5 3. Nc3 Nf6 4. Bg5 dxe4 5. Nxe4 Be7 6. Bxf6 Bxf6 7.
Nf3 O-O 8. Bc4 Nc6 {Finkel,A: This variation has become during the last year
the scene for many interesting battles on the highest level. Each time
somebody was coming to the game with some improvement or new opening plan
which changed drustically the evaluation of whole variation.} (8... Nd7 9. Qe2
(9. O-O c5 10. c3 cxd4 11. Nxf6+ Nxf6 12. Nxd4 Qc7 13. Bb3 Bd7 {1/2-1/2 Short,
N-Kortschnoj,V/EUCup f 1988}) 9... Be7 $5 $146 (9... Nb6 10. Bb3 Bd7 11. O-O
Bc6 12. Nxf6+ gxf6 $6 13. Rad1 Kh8 14. c4 $14 {Spassky-Czerniak/Goteborg/1971})
(9... c6 10. O-O b6 11. Rad1 Qc7 12. Nxf6+ Nxf6 13. Qe5 Qe7 14. c3 Bb7 15. Rfe1
$14 {Fischer-Pachman/Leipzig ol/1960}) 10. O-O (10. O-O-O $13) 10... c5 $1 11.
d5 $6 exd5 12. Bxd5 Nb6 $15 {Smirin,I-Lputian,S/Wijk op 1993}) 9. c3 (9. Nxf6+
Qxf6 10. O-O e5 11. Nxe5 Nxe5 12. dxe5 Qxe5 13. c3 {1/2-1/2 Balashov,Y-Dreev,A/
RUS-ch 1995}) 9... e5 10. d5 Ne7 (10... Nb8 11. Qe2 (11. d6 $5 Bf5 12. Qd5 Nd7
13. Qxb7 Bxe4 14. Qxe4 Nc5 15. Qd5 cxd6 16. O-O $14 {Groszpeter,A-Dizdar,G/
AUT-chT qual 1997}) (11. O-O Bg4 12. h3 Bxf3 13. Qxf3 Be7 14. Bb5 a6 15. Ba4
Nd7 16. Rad1 $13 {Ivanchuk,V-Ehlvest,J/Reggio Emilia 1989/EXT 97}) 11... Bf5
12. Bd3 $5 {A new move aiming to gain tempo compering to the game Leko-Shirov.}
(12. Ng3 Bg4 $5 13. h3 Bxf3 14. Qxf3 Nd7 15. Ne4 (15. O-O-O $5 Be7 16. Nf5 Bd6
17. g4 $14) 15... Be7 16. O-O-O Bd6 17. g4 $14 {Leko,P-Shirov,A/Fujitsu
Siemens Giants 2000}) (12. O-O Nd7 13. Rad1 Bxe4 14. Qxe4 Nc5 15. Qe3 Qd6 16.
Rfe1 $14 {Hernandez,G-Shirov,A/Merida 2000}) (12. O-O-O Nd7 13. Ng3 Bg6 14. Bd3
$1 (14. h4 e4 15. Nxe4 Re8 16. Nxf6+ Qxf6 17. Qd2 Nb6 $44 {Bologan,V-Gurevich,
M/Festival comtois 4th 1999}) 14... Bxd3 (14... Nc5 15. Bxg6 hxg6 16. h4 Re8
17. Ne4 Nxe4 18. Qxe4 Qd7 19. g4 $16) 15. Qxd3 Nc5 16. Qe3 b6 17. h4 Re8 {
[%cal Ge5e4]} 18. Ne4 $1 Nxe4 19. Qxe4 $14 {[%cal Gg2g5,Gh4h5] Leko,
P-Khalifman,A/Khalifman-Leko Match 2000}) 12... Bxe4 (12... Nd7 13. O-O-O Rb8
14. d6 $5 (14. Rhg1 $5) 14... cxd6 15. Nxd6 Bxd3 16. Rxd3 $14) (12... Be7 {}
13. Nf6+ Bxf6 14. Bxf5 c6 15. O-O-O cxd5 16. Be4 $14) 13. Bxe4 Nd7 14. O-O-O
Be7 15. g4 Bd6 $6 16. Kb1 $14 {Short,N-Gurevich,M/Shenyang 2000/CBM 79}) (10...
Na5 $5 11. Bd3 b6 12. h4 g6 13. h5 Bg4 14. Qa4 Bg7 15. hxg6 hxg6 $13 {Baklan,
V-Goloshchapov,A/Ordzhonikidze zt 1.9 2000}) 11. Nxf6+ gxf6 12. Nh4 (12. Qd2
Kh8 13. O-O-O Bg4 14. Be2 Qd6 15. Nh4 Rg8 16. g3 Rad8 17. Bxg4 Rxg4 18. Qe2 $14
{Anand,V-Shirov,A/Sydney 2000/CBM 78}) 12... Ng6 13. Qh5 (13. g3 {Bologan !?}
b5 (13... Nxh4 {Bologan} 14. gxh4 Kh8 15. Rg1 Rg8 16. Rg3 $14) 14. Bb3 a5 15.
Qd2 f5 16. O-O-O Ra6 17. Ng2 a4 18. Bc2 a3 19. b4 Rd6 20. Ne3 {?!} (20. f4 $14
{Bologan}) 20... Qf6 (20... f4 {Bologan} 21. Nf5 Bxf5 22. Bxf5 c6) 21. f4 Re8
22. fxe5 Nxe5 23. Rhf1 Nc4 24. Nxc4 bxc4 {Bezgodov-Akopian, Ohrid 2001} 25. g4
{!} Re5 26. gxf5 Bb7 27. Rg1+ Kh8 28. Qg5 Qxg5+ 29. Rxg5 $16) 13... Kh8 $5 {
Bologan: '! '} (13... Qd7 14. h3 Nxh4 15. Qxh4 Qf5 16. O-O-O Bd7 17. f4 Qxf4+
18. Qxf4 exf4 19. Rhf1 $14 {Short,N-Gurevich,M/England 2000/CBM 75}) 14. O-O-O
(14. Bd3 $5 f5 (14... e4 15. Bxe4 Re8 16. f3 Nxh4 17. Qxh4 f5 18. Qxd8 Rxd8 19.
Bd3 Rxd5 $14) 15. Bxf5 Bxf5 16. Nxf5 Nf4 17. Qf3 Qxd5 18. Qxd5 Nxd5 19. O-O-O
Rad8 20. Rd2 $14) 14... f5 15. Nf3 (15. Nxf5 $6 Nf4 16. Qf3 Bxf5 17. g3 Qd7 18.
gxf4 Bg4 19. Qe4 Bxd1 20. Rxd1 exf4 $15) (15. g3 {Bologan} Nxh4 16. gxh4 Qf6
17. Rhg1 Bd7) 15... Nf4 16. Qh6 Qd6 17. Qxd6 cxd6 18. g3 Ng6 {This position
looks very promising for black, butBlologan proves that white has potential to
fight for the advantage!} (18... Nh3 $5 19. Rd2 f4 20. Re1 (20. Bf1 Bd7 (20...
Bg4 {Bologan} 21. Nh4 Rg8 22. Bxh3 Bxh3 23. gxf4 exf4 24. Rd4 Rg4 25. Nf5 Rg6
26. Ne7 Rg4 27. Re1 $14) 21. Bg2 Rae8 $132) 20... f6 21. Bf1 Ng5 22. Nh4 $14)
19. h4 (19. a4 {Bologan} f4) 19... Bd7 (19... Ne7 $6 20. Rhe1 f6 (20... Rb8 $6
21. Nxe5 dxe5 22. d6 Nc6 23. d7 Bxd7 24. Rxd7 $16) 21. Nd4 $1 {[%cal Ge1e7]} b6
22. Ne6 Rg8 23. Nc7 Rb8 24. Nb5 $16 {[%csl Ra7,Rd6]}) 20. Nd2 b5 21. Bf1 {
Bologan: '!? /\Bh3,Ne3,f4'} (21. Bb3 {Bologan} a5) 21... Ne7 22. Bh3 {[%csl
Rf5][%cal Gd2f1,Gf1e3] Bologan: '?!'} (22. Bg2 {Bologan}) 22... a5 {Bologan:
'?!'} (22... Rfc8 {Bologan} 23. Kb1 (23. Ne4 {Bologan ?} fxe4 24. Bxd7 Rc5 25.
Rhe1 Rd8 26. Bc6 f5 27. g4 fxg4 28. Rxe4 h5 $17) 23... Rc7 (23... Nxd5 {
Bologan ?} 24. Ne4 {!} fxe4 25. Bxd7 Rc7 26. Bxb5 $18) 24. Bg2 (24. Nf1 {
Bologan} a5 25. Ne3 b4 26. c4 f4 27. Bxd7 fxe3 28. Bb5 exf2 29. Rh2 Nf5 30.
Rxf2 Nxg3 $17) 24... Rg8 25. Rhg1) 23. Nf1 Rac8 24. Ne3 Rc5 {[%csl Rd5]} (24...
b4 {Bologan} 25. c4) 25. Rd3 {Bologan: '?'} (25. f4 {Bologan} f6 26. Rhg1 Rg8
27. Kc2) 25... Kg7 (25... b4 $5 26. Kd2 (26. c4 $5 f4 27. gxf4 $2 (27. Bxd7 $1
fxe3 28. b3 (28. Bb5 $2 exf2 29. Rf1 (29. Rd2 {Bologan} Nf5 30. Rxf2 Nd4 $17)
29... e4 30. Re3 Nf5 $17) (28. fxe3 {Bologan} Rxc4+ 29. Kd1 Rg8 $17) 28... exf2
29. Kd2 (29. Rf1 Rd8 30. Bh3 e4 31. Re3 Nxd5 32. Rxe4 Nc3 33. Re7 Nxa2+ 34. Kc2
$44) 29... Rd8 30. Bh3 $13) 27... Bxh3 $1 (27... exf4 28. Bxd7 fxe3 29. fxe3
Rxc4+ 30. Kb1 Rg8 $13) 28. Rxh3 exf4 {[%csl Rc4,Rd5]} 29. Nc2 Rxc4 $17) (26.
Kb1 Bb5 27. Rd2 bxc3 28. bxc3 Rxc3 29. Nxf5 Nxf5 30. Bxf5 Rb8 31. Ka1 Bc4 $15)
26... Bb5 27. cxb4 axb4 28. Rb3 f4 29. gxf4 exf4 $15) 26. Rf1 {'+/=' Bologan.
Bologan: '/\f4'} (26. f4 {Bologan} exf4 27. gxf4 Ng6 28. Bxf5 Nxf4 29. Rd2 Re8
30. Rf2 Rxe3 31. Rxf4 Bxf5 32. Rxf5 b4 33. Rg1+ Kf8 34. Rgf1 bxc3) 26... h5 (
26... b4 27. c4 f4 28. Bxd7 fxe3 29. b3 $14 exf2 30. Rxf2 $14) 27. f4 e4 28.
Rd4 Kf6 29. Rg1 Bc8 $5 (29... Rb8) 30. Kd2 Bb7 31. Bf1 {Bologan: '!'} Ra8 (
31... Nxd5 {Bologan} 32. b4) 32. c4 (32. a3 $6 Bxd5 $1 33. Nxd5+ Nxd5 34. b4
axb4 35. cxb4 e3+ 36. Ke2 Rc2+ 37. Kd1 Rd2+ $1 38. Rxd2 Nc3+ $1 39. Kc2 exd2
40. Kxd2 Rxa3 $17) 32... bxc4 33. Bxc4 a4 {[%cal Ga8a5]} 34. a3 {'+/-' Bologan.
Bologan: '!'} Raa5 35. Rc1 Nc8 $6 (35... Nxd5 $2 36. Bxd5 Bxd5 37. Rxc5 $18) (
35... Kg6 $5) 36. Be2 $5 {[%csl Ra4,Rh5]} (36. Rc3 {Bologan} Nb6 37. Be2 $16)
36... Ne7 (36... Kg6 37. Rcc4 Rxc4 38. Rxc4 Ba6 39. Rc6 $16) 37. Bxh5 Rxc1 38.
Kxc1 Nxd5 39. Nc4 (39. Kd2 {Bologan} Nxe3 40. Kxe3 Rb5 41. Rb4 Rxb4 42. axb4
$18) 39... Rc5 40. Kd2 Ke6 41. Bd1 {[%csl Ra4]} Ba6 (41... Bc6) 42. Ne3 Nxe3
43. Kxe3 Bb5 44. h5 {'+-' Bologan.} Rc8 45. g4 {Bologan: '!'} fxg4 46. Rxe4+ {
Deserved attention} (46. Bxg4+ $5 f5 47. Bxf5+ Kxf5 48. Rd5+ Ke6 49. Rxb5 d5
50. Rb6+ Kf5 51. Rd6 Rc5 52. h6 Rb5 53. h7 Rb3+ 54. Kd4 Rd3+ 55. Kc5 Rh3 56.
Rxd5+ Kxf4 57. Rd7 e3 58. Kd4 e2 59. Re7 $16 {with good chanses to win the
game.}) 46... Kf5 47. Rd4 Bd7 48. Rxd6 (48. Kf2 $18 {Bologan !?}) 48... Be6 49.
Rd4 (49. Bxa4 $1 Rc4 $6 (49... g3 $5 50. Kf3 (50. Bc6) 50... Rg8 51. Bc2+ Kf6
52. Kg2 $18) 50. Rd4 Rxd4 51. Kxd4 Kxf4 52. Bc6 Kg5 53. a4 f5 54. a5 Bc8 55. b4
$18 {[%cal Gb4b5,Ga5a6]}) 49... Rc1 50. Kd2 $6 (50. Bxa4 Re1+ 51. Kf2 Rh1 52.
Bc2+ Kf6 53. Kg2 Rxh5 54. Be4 $16) (50. h6 {Bologan} Kg6) 50... Ra1 51. Bc2+ {
Bologan: '?!'} (51. Ke3 {Bologan} Bb3 52. h6 Rc1 53. h7 Rc8 54. Bxb3 Re8+ 55.
Kf2 axb3 56. Rd7 Kg6 57. Kg3 f5 58. a4 $18) 51... Kf6 52. f5 (52. Rxa4 {Bologan
} g3 53. Be4 Bh3 {!} 54. Ra6+ Ke7 55. Ra7+ Ke6 56. h6 g2 57. f5+ Ke5 58. h7
g1=Q 59. h8=Q+ Kf4 $13) 52... g3 $1 53. fxe6 {Bologan: '?!'} (53. Rg4 {Bologan}
Bxf5 54. Bxf5 Kxf5 55. Rxg3 Rh1 56. Rf3+ Ke6 57. Rf4 Rxh5 (57... Rh2+ {Bologan}
58. Kc3 Rh3+ 59. Kb4 Rb3+ 60. Kxa4 Rxb2 61. Rh4 Kf5 62. h6 Rb8 63. h7 Rh8 64.
Kb5 Kg5 65. Rh1 f5 66. a4 f4 67. a5 f3 68. a6 Kf4 69. a7 f2 70. Kc6 $18) 58.
Rxa4 f5 59. b4 Rh3 $14) 53... g2 54. exf7 Kxf7 55. Rg4 (55. Rf4+ Ke6 56. Rg4
g1=Q 57. Rxg1 Rxg1 58. h6 Rh1 59. h7 Rh3 $5 $14) 55... g1=Q 56. Rxg1 Rxg1 57.
Bxa4 Rg2+ 58. Kc3 Rg3+ 59. Kb4 Rg4+ 60. Ka5 Rg2 $1 (60... Rg5+ $2 61. Kb6 Rxh5
62. Bc6 Rh2 63. b4 Rh3 64. a4 Rh4 65. Kc5 $18 {[%cal Ga4a8]}) 61. b3 Ra2 $1 62.
Kb4 Rh2 63. Bb5 Rxh5 64. Ka5 Rh6 {The position is drawn, but black has to play
accurately to keep the balance.} 65. b4 Ke7 66. a4 Kd8 67. Bc4 Kc7 68. b5 Kb7
69. Kb4 Rh5 70. a5 Rg5 71. Be6 Ka7 72. Bc8 Kb8 73. Bd7 Kb7 74. Kc4 Rg1 75. Bf5
Ra1 76. Kb4 Ra2 77. Bd3 Ra1 78. Bf5 Ra2 79. Bg6 Ra1 80. Be4+ Kb8 81. b6 Ra2 82.
Bd5 Ra1 83. Kb5 {That's maximum white can get, but it's not enough to win the
game.} Rb1+ 84. Kc5 Ra1 85. Kb4 Rb1+ 86. Bb3 Kb7 87. Kc3 Ka6 88. Kb4 Kb7 89.
Ka4 Ka6 90. Bc4+ Kb7 91. Bb5 Rb2 92. Bc4 1/2-1/2

[Event "Festival comtois 3rd"]
[Site "Belfort"]
[Date "1998.12.15"]
[Round "2"]
[White "Bologan, Viktor"]
[Black "Gurevich, Mikhail"]
[Result "0-1"]
[WhiteElo "2585"]
[BlackElo "2610"]
[Annotator "Finkel,A"]
[PlyCount "82"]
[EventDate "1998.12.14"]
[EventType "tourn"]
[EventRounds "10"]
[EventCountry "FRA"]
[EventCategory "13"]
[SourceTitle "CBM 069"]
[Source "ChessBase"]
[SourceDate "1999.04.01"]
[SourceVersion "1"]
[SourceVersionDate "1999.04.01"]
[SourceQuality "1"]

{[%mdl 2208]} 1. e4 e6 2. d4 d5 3. Nc3 Nf6 4. Bg5 dxe4 5. Nxe4 Be7 6. Bxf6 Bxf6
7. Nf3 O-O 8. Qd2 Nd7 9. O-O-O b6 10. Qf4 ({Another popular continuation is} 
10. Bc4 c6 (10... Bb7 11. Rhe1 Bd5 12. Bd3 (12. Bxd5 exd5 13. Nxf6+ Nxf6 14.
Qf4 Ne4 15. Ne5 f6 16. Nd3 Qd7 $11 {Finkel,A-Gurevich,M/EUCup final 1999 (23)})
12... c5 13. c4 Bb7 14. dxc5 $5 bxc5 15. Nxf6+ Qxf6 16. Qc2 $14 {Huebner,
R-Short,N/Novi Sad olm 1990}) 11. Qe3 (11. Nxf6+ Qxf6 12. Qe3 Bb7 13. Ne5 Rfd8
14. f4 Nxe5 15. dxe5 Qe7 $11 {Mari Arul,S-Prakash,G/Goodricke 1997 (19)}) (11.
h4 $5 Bb7 12. Nd6 Qc7 13. Nxb7 Qxb7 14. Ng5 $1 c5 15. Bd3 h6 16. Bh7+ Kh8 17.
Be4 $14 {Ivanchuk,V-Dreev,A/London PCA-Intel GP 1995 (54)}) 11... Qc7 12. Nxf6+
Nxf6 13. Ne5 a5 14. c3 a4 15. a3 Ra5 16. Ba2 $14 {Kindermann,S-Dreev,A/
Nussloch 1996 (30)}) 10... Bb7 11. Bc4 Bd5 (11... Qb8 $5 12. Rhe1 $6 c5 13. Qg4
cxd4 14. Nxd4 Bxe4 15. Qxe4 Nc5 $15 {Freitag,M-Schneider Zinner,H/Feldbach op
1997 (53)}) 12. Bd3 (12. Bxd5 $11) 12... Be7 $5 {Keeping the bishop on the
board.} (12... c5 13. c4 Bb7 $5 (13... Bxe4 14. Bxe4 (14. Qxe4 g6 15. d5 exd5
16. Qxd5 Ne5 17. Nxe5 Qxd5 18. cxd5 Bxe5 $11) 14... Rb8 15. d5 e5 16. Qe3 b5
17. g4 bxc4 18. g5 Be7 19. h4 $36)) 13. c4 Bb7 14. g4 Nf6 15. Nxf6+ {white is
forced to take on f6 and to play 16.Be4 on the next move because otherwise
black siezes the initiative with nice brek on the queenside:} (15. h4 b5 $1 16.
Nxf6+ Bxf6 17. g5 Be7 18. Rhe1 (18. cxb5 Qd5 $1 $17 {[%cal Gd5f3,Gd5a2]}) 18...
bxc4 19. Bxc4 Rb8 $15) 15... Bxf6 16. Be4 Bxe4 17. Qxe4 Qe7 18. h4 Qb4 19. Qc2
$6 {More accurate was} (19. Qd3 $5 Qd6 (19... Rfd8 $5 20. g5 Bxd4 21. Nxd4 c5
22. a3 Qa5 (22... Qa4 23. Qb3 $18) 23. Nc6 Rxd3 24. Nxa5 Rxd1+ 25. Rxd1 bxa5
26. Rd7 $14) 20. Ng5 Qf4+ 21. Kb1 g6 22. Ne4 Bg7 23. g5 $1 $14 {in both cases
with slighly better prospects for white.}) 19... Qd6 $5 (19... b5 $6 20. g5 Be7
21. c5 Qa5 22. Kb1 Rad8 23. Ne5 $40 {[%cal Gg5g6,Gh4h5]}) (19... c5 $5 20. Ng5
g6 21. dxc5 bxc5 22. Ne4 Bg7 $132) 20. Qe4 (20. Ng5 $5) 20... Qb4 21. Qe2 $6 {
Very ambitious, but not fully justified decision, because now black manages to
create a dangerous attack.} (21. Qc2 $11) 21... c5 22. Kb1 Rad8 (22... Rfd8 $5
23. dxc5 bxc5 24. g5 Bc3 25. Qc2 Rdb8 26. b3 g6 $40 {[%cal Ga7a4]}) 23. dxc5
bxc5 24. g5 Bc3 $1 {Extremly strong move showing deep understanding of the
position:it's very important to keep the bishop on the diagonal a1-h8.} 25. Qc2
Rb8 26. b3 g6 27. Nd2 ({White doesn't have time to launch the attack over the
h-file.} 27. h5 a5 28. hxg6 hxg6 29. Qe4 Qa3 30. Qc2 Bg7 $17 {[%cal Ga5a4]})
27... Rfd8 28. Ne4 Rxd1+ 29. Rxd1 Bd4 $17 {Now white is helpless against the
advance of the a-pawn.} 30. h5 (30. Rd3 a5 31. Nc3 a4 32. Nd1 Qe1 $17) 30... a5
31. hxg6 hxg6 32. Nd6 a4 33. Nb5 axb3 34. Qxb3 ({Nothing changes} 34. axb3 Bxf2
$1 35. Qb2 Ra8 (35... Be3 $2 36. Rh1 e5 37. Rh8+ $1 Kxh8 38. Qxe5+ Kh7 39. Qh2+
$11) 36. Rh1 e5 $1 $19 {and black has winning position.}) 34... Qa5 $1 35. f4
Qa8 {[%csl Rb1,Rf4][%cal Ga8e4,Ge4g2]} 36. a4 (36. Qd3 Qg2 37. Rd2 Qg1+ $1 38.
Rd1 (38. Kc2 Be3 $19) 38... Qg4 39. Rf1 Qg2 $19) 36... Qe4+ 37. Qc2 Qxf4 $19
38. Ka2 Be5 39. Kb3 Ra8 40. Rd7 Qe3+ 41. Qd3 Qe1 0-1